000 00554 a2200205 4500
005 20260121105159.0
008 260119b |||||||| |||| 00| 0 eng d
020 _a9789369670451
_cRs. 4895.00
040 _aMAIN
082 _a621.3678
_bM448R
100 _aMaurya, Ajay Kumar
245 _aRemote sensing and image interpretation
260 _bScientific Books International
_c2026
_aNew Delhi
300 _a262
650 _aApplied Physics
650 _aEngineering
650 _aElectronics
650 _aRemote Sensing
942 _cBK
999 _c395805
_d395805